000 00298nam a2200109 a 4500
005 20201002061655.0
008 190722s2004 000 spa d
100 _aSantana, Julio
_99560
245 0 _aZona Norte : la expulsión de los excluidos.
260 _aSanto Domingo,
_c2004.
999 _c48611
_d48611
040 _aDO-SdBNP